KOHA-Header-6

Advertising Planning and Decision Making (Record no. 10140)

000 -LEADER
fixed length control field 00252nam a2200109Ia 4500
020 ## - INTERNATIONAL STANDARD BOOK NUMBER
ISBN 9788171949427
100 ## - MAIN ENTRY--AUTHOR NAME
Personal name Kavita Sharma
245 #0 - TITLE STATEMENT
Title Advertising Planning and Decision Making
260 ## - PUBLICATION, DISTRIBUTION, ETC. (IMPRINT)
Place of publication India
Name of publisher S. Chand
Year of publication 2001
300 ## - PHYSICAL DESCRIPTION
Number of Pages 813
942 ## - ADDED ENTRY ELEMENTS (KOHA)
Koha item type Books
Holdings
Withdrawn status Lost status Collection code Permanent Location Current Location Shelving location Date acquired Full call number Accession Number Koha item type
    Marketing MAJU MAJU   2019-09-14 658.54 6250 Marketing

Powered by Koha